| 000 | 00499nam a2200181Ia 4500 | ||
|---|---|---|---|
| 008 | 230524s9999 xx 000 0 und d | ||
| 020 | _a9781108716987 | ||
| 082 |
_a572 _bHOF |
||
| 100 | _aAndreas Hofmann | ||
| 245 | 0 | _aWilson and Walker's Principles and Techniques of Biochemistry and Molecular Biology | |
| 250 | _a8 | ||
| 260 |
_aNew Delhi _bCambridge _c2021 |
||
| 300 | _a"xxx,929p;" | ||
| 500 | _aQuantity Number: 3 | ||
| 650 | _aBiotechnology | ||
| 700 | _aSamuel Clokie | ||
| 942 | _cBK | ||
| 999 |
_c60662 _d60662 |
||